00584nam a2200169 a 450000100100000000500170001000800410002704000250006808200210009310000340011424500450014825000110019326000560020404900090026095201280026999900170039700002971720200930055743.0110425s1972 dr 000 0 spa d aDO-SdBNPbspacBNPHU axxxbS232t, 19721 aSantana, Julio César93608610aTemas sociales /cJulio César Santana. a2a ed. aSan Pedro de Macorís :bImprenta Esfuerzo,c1972. aBNPD 001054708PDaPDbPDcCTd2011-04-25iLF1l0oxxx S232t, 1972p29717-10r2020-06-25w2020-06-25yLFPDZPréstamo en sala c29209d29209